000 00461nam a2200157 4500
001 113642
003 ES-MaACL
007 t|
008 061121s1921 fr r ||||1| fre d
100 1 _aPacotte, Julien.
_988162
245 1 3 _aLa physique théorique nouvelle /
_cpar Julien Pacotte ; préfece de M. Emile Borel.
260 _aParis :
_bGauthier,
_c1921.
300 _aVI, 182 p. ;
_c25 cm.
700 1 _aBorel, M. Emile.
_930433
852 _aES-MaACL
_jB-4790
999 _c113642
_d113642